[Event "RUS-ch Seniors (Women)"]
[Site "Lesnoj Gorodok"]
[Date "2009.10.04"]
[Round "2"]
[White "Evseeva, Ludmila"]
[Black "Afanasieva, Elena"]
[Result "0-1"]
[WhiteElo "1798"]
[BlackElo "1510"]
[PlyCount "108"]
[EventDate "2009.10.03"]
[EventType "swiss"]
[EventRounds "9"]
[EventCountry "RUS"]
[SourceTitle "CBM 132 Extra"]
[Source "ChessBase"]
[SourceDate "2009.11.03"]
[SourceVersion "1"]
[SourceVersionDate "2009.11.03"]
[SourceQuality "1"]

1. Nf3 Nf6 2. g3 g6 3. Bg2 Bg7 4. d4 d5 5. c4 c6 6. Nbd2 0-0 7. 0-0 Re8 8. Re1 Bf5 9. cxd5 cxd5 10. Qb3 Qc7 11. Ne5 Bc2 12. Qb5 e6 13. e3 a6 14. Qe2 Nbd7 15. Ndf3 Be4 16. Bd2 Rac8 17. Nxd7 Nxd7 18. Bc3 Qc4 19. Qxc4 dxc4 20. Nd2 Bxg2 21. Kxg2 f5 22. f4 b5 23. a4 Ra8 24. e4 Nb6 25. axb5 axb5 26. Rxa8 Rxa8 27. exf5 exf5 28. Re6 Na4 29. Nf3 Rd8 30. Ne5 Bxe5 31. fxe5 Kf7 32. Ra6 Re8 33. Kf3 Re6 34. Ra7+ Re7 35. Rxe7+ Kxe7 36. d5 Nb6 37. Bb4+ Ke8 38. d6 Kd7 39. h3 Nd5 40. Bc3 b4 41. Bd2 c3 42. Bc1 c2 43. Ke2 b3 44. Kd3 Nb4+ 45. Kc3 Na2+ 46. Kxb3 Nxc1+ 47. Kxc2 Ne2 48. b4 Nxg3 49. b5 Ne4 50. b6 Nc5 51. Kd2 Kc6 52. Ke3 Ne6 53. Kf3 Kxb6 54. h4 Kc6 0-1

[Event "Cheliabinsk-ch (Women)"]
[Site "Cheliabinsk"]
[Date "2008.01.20"]
[Round "7"]
[White "Baisalova, Aigul"]
[Black "Evseeva, Ludmila"]
[Result "1-0"]
[WhiteElo "2075"]
[BlackElo "1798"]
[PlyCount "75"]
[EventDate "2008.01.10"]
[EventType "tourn"]
[EventRounds "11"]
[EventCountry "RUS"]
[SourceTitle "EXT 2010"]
[Source "ChessBase"]
[SourceDate "2010.11.25"]
[SourceVersion "1"]
[SourceVersionDate "2010.11.25"]
[SourceQuality "1"]

1. e4 g6 2. d4 Bg7 3. Nf3 c6 4. Bd3 d5 5. e5 Bg4 6. h3 Bxf3 7. Qxf3 e6 8. c3 Nd7 9. Na3 b5 10. Nc2 a5 11. a3 Nb6 12. h4 Qd7 13. h5 0-0-0 14. b3 Bh6 15. Bxh6 Nxh6 16. a4 bxa4 17. bxa4 Qe7 18. Qf4 g5 19. Qc1 Kc7 20. Ne3 f5 21. exf6 Qxf6 22. Qa3 Rhf8 23. 0-0 g4 24. Qc5 Nf5 25. Rab1 Rb8 26. Qxa5 Qh4 27. Bxf5 exf5 28. g3 Qxh5 29. Qc5 Qf7 30. a5 Nc8 31. Rxb8 Kxb8 32. Qxc6 f4 33. Rb1+ Ka7 34. Qc5+ Ka8 35. Nxd5 fxg3 36. Nc7+ Qxc7 37. Qxc7 gxf2+ 38. Kf1 1-0

[Event "Cheliabinsk-ch (Women)"]
[Site "Cheliabinsk"]
[Date "2008.01.17"]
[Round "5"]
[White "Evseeva, Ludmila"]
[Black "Baraeva, Marina"]
[Result "0-1"]
[WhiteElo "1798"]
[BlackElo "2112"]
[PlyCount "72"]
[EventDate "2008.01.10"]
[EventType "tourn"]
[EventRounds "11"]
[EventCountry "RUS"]
[SourceTitle "EXT 2010"]
[Source "ChessBase"]
[SourceDate "2010.11.25"]
[SourceVersion "1"]
[SourceVersionDate "2010.11.25"]
[SourceQuality "1"]

1. e4 c5 2. c3 d5 3. e5 Nc6 4. d4 cxd4 5. cxd4 Bf5 6. Nc3 e6 7. Bb5 a6 8. Ba4 b5 9. Bb3 Bb4 10. Nge2 Nge7 11. 0-0 0-0 12. a3 Ba5 13. Bg5 h6 14. Bh4 Bb6 15. Kh1 Qd7 16. f3 Qa7 17. Bf2 Nxe5 18. a4 bxa4 19. Nxa4 Nd3 20. Bh4 g5 21. Bc2 Nxb2 22. Nxb2 Bxc2 23. Qxc2 gxh4 24. Qd2 Kg7 25. Rad1 Nf5 26. g4 hxg3 27. Nxg3 Nxg3+ 28. hxg3 Qe7 29. f4 a5 30. Na4 Qb4 31. Nc3 a4 32. Rb1 Qxd4 33. Qe1 Ba5 34. Rc1 Rfc8 35. f5 exf5 36. Rxf5 Rxc3 0-1